| 000 | 00826nam a22002657a 4500 | ||
|---|---|---|---|
| 001 | 6797 | ||
| 003 | FISKH | ||
| 005 | 20260401110330.0 | ||
| 008 | 250528b cb ||||| |||| 00| 0 eng d | ||
| 020 | _a9780756690878 | ||
| 040 |
_aFISKH _beng _cFISKH _dFISKH |
||
| 050 | _aQL763 .W32 | ||
| 082 | _a591.3 | ||
| 100 | _aWallace, Karen | ||
| 245 |
_aWild baby animals / _cWritten by Karen Wallace |
||
| 260 |
_aNew York : _bDK Publishing, _c2000. |
||
| 300 |
_a32 pages : _bcolor illustrations ; _c23 cm |
||
| 505 | _aJ | ||
| 520 | _aDescribes some of the differences in the ways various baby animals--including monkeys, rhinos, wolves, seals, and elephants-- behave and grow. | ||
| 521 | 8 |
_a500
_bLexile |
|
| 521 | 8 |
_aJ
_bRaz-Plus |
|
| 650 |
_aBaby Animals _vMammals |
||
| 942 |
_2ddc _cBK _n0 |
||
| 999 |
_c6797 _d6797 |
||